LEADER 00908cam0-2200313---450- 001 990005855520403321 005 20160427152631.0 010 $a3-476-00652-2 035 $a000585552 035 $aFED01000585552 035 $a(Aleph)000585552FED01 035 $a000585552 100 $a19990604d1989----km-y0itay50------ba 101 0 $ager 102 $aDE 105 $a--------001yy 200 1 $aGesund oder krank?$eMedizin, Moral und Ästhetik in der deutschen Gegenwartsliteratur$fThomas Anz 210 $aStuttgart$cMetzler$d1989 215 $aXV, 259 p.$d23 cm 225 1 $aMetzler Studienausgabe 610 0 $aLetteratura e medicina$aGermania$aSec. 20. 676 $a830.9353$v22$zita 700 1$aAnz,$bThomas$0165757 801 0$aIT$bUNINA$gRICA$2UNIMARC 901 $aBK 912 $a990005855520403321 952 $a830.9353 ANZ 1$bDip.f.m.4344$fFLFBC 959 $aFLFBC 997 $aUNINA LEADER 01187nam0-2200397---450 001 990010114170403321 005 20220317100237.0 010 $a9788884975393 035 $a001011417 035 $aFED01001011417 035 $a(Aleph)001011417FED01 100 $a20161027d2016----km-y0itay50------ba 101 0 $aita$aeng 102 $aIT 105 $aa-------001yy 200 1 $aAgostino Renna$ela forma della città$d= The form of the city$fa cura di /edited by Renato Capozzi ... [et al.] 210 $aNapoli$cCLEAN$d2016 215 $a155 p.$cill.$d21x23 cm 225 1 $aAbitare il futuro$d= Inhabiting the Future$v9 300 $aTesto in italiano e in inglese 610 0 $aUrbanistica - Progetti 676 $a711.4$v22 702 1$aCapozzi,$bRenato 801 0$aIT$bUNINA$gRICA$2UNIMARC 901 $aBK 912 $a990010114170403321 952 $aB 1288 CAN$b247/2016$fDARPU 952 $aB 1289 CAN$b248/2016$fDARPU 952 $aAREA 67$b251/2016$fFARBC 952 $aURB.LE B 3016 $b 9/2017$fFARBC 952 $a19.791$b250/2016$fDARST 959 $aFARBC 959 $aDARPU 959 $aDARST 996 $aAgostino Renna$91470760 997 $aUNINA LEADER 05218oam 2200733I 450 001 9910785854503321 005 20230801224417.0 010 $a1-135-24683-1 010 $a1-283-60757-3 010 $a9786613920027 010 $a1-135-24684-X 010 $a0-203-86863-3 024 7 $a10.4324/9780203868638 035 $a(CKB)2670000000246571 035 $a(EBL)1024757 035 $a(OCoLC)811506704 035 $a(SSID)ssj0000711117 035 $a(PQKBManifestationID)11397067 035 $a(PQKBTitleCode)TC0000711117 035 $a(PQKBWorkID)10682130 035 $a(PQKB)11630323 035 $a(MiAaPQ)EBC1024757 035 $a(Au-PeEL)EBL1024757 035 $a(CaPaEBR)ebr10603703 035 $a(CaONFJC)MIL392002 035 $a(OCoLC)810531528 035 $a(FINmELB)ELB132598 035 $a(EXLCZ)992670000000246571 100 $a20180706d2012 uy 0 101 0 $aeng 135 $aur|n|---||||| 181 $ctxt 182 $cc 183 $acr 200 00$aClinical neuropsychological foundations of schizophrenia /$fedited by Bernice A. Marcopulos and Matthew M. Kurtz 210 1$aNew York, N.Y. :$cPsychology Press,$d2012. 215 $a1 online resource (357 p.) 225 1 $aAmerican Academy of Clinical Neuropsychology/Psychology Press continuing education series 225 0$aAmerican Academy of Clinical Neuropsychology/Psychology Press continuing education series 300 $aDescription based upon print version of record. 311 $a1-138-10993-2 311 $a1-84872-877-8 320 $aIncludes bibliographical references and index. 327 $aFront Cover; Clinical Neuropsychological Foundations of Schizophrenia; Copyright Page; Contents; List of Figures; Preface; Contributors; 1. Cognition in Schizophrenia: Matthew M. Kurtz and Bernice A. Marcopulos; 2. Schizophrenia as a Developmental Brain Disorder: Matcheri S. Keshavan and Vaibhav A. Diwadkar; 3. Neuropsychological Assessment of Persons with Schizophrenia: Bernice A. Marcopulos and Daryl Fujii; 4. Neurocognition and Functional Outcome in Schizophrenia: Matthew M. Kurtz; 5. Cultural Issues in Neuropsychological Testing in Persons with Schizophrenia: Daryl Fujii 327 $a6. Developmental Disabilities and Schizophrenia: Anthony P. De Marco and Bernice A. Marcopulos7. Neuropsychological Considerations in Older Adults with Schizophrenia: Colin A Depp, Casey Loughran, and Barton W. Palmer; 8. Medical Comorbidity in Schizophrenia: William S. Stone and Matcheri S. Keshavan; 9. Traumatic Brain Injury and Schizophrenia: Laura A. Flashman, Thomas McAllister, & Richard Ferrell; 10. Influence of Comorbid Substance Use Disorders on Cognition in Schizophrenia: Kim T. Mueser and Susan R. McGurk 327 $a11. Medication and Cognition in Schizophrenia: Nicole Sestito and Terry E. Goldberg12. Neuropsychologically Informed Interventions to Treat Cognitive Impairment in Schizophrenia: Alice Medalia and Dona Bellucci; 13. Criminal Forensic Neuropsychological Evaluations Implications for Schizophrenia: Chriscelyn M. Tussey and Bernice A. Marcopulos; Index 330 $a"This volume is the first practitioner-oriented source of information on the neuropsychology of schizophrenia that conveys the growth in the field in terms of what is known about cognition in schizophrenia, its assessment, and how this informs clinical practice.It provides the practicing clinical neuropsychologist, and other professionals working with persons with schizophrenia, with the knowledge and tools they need to provide competent professional neuropsychological services. It includes an overview of developmental models of schizophrenia and its associated neuropathologies, so that the clinician can fully understand how vulnerability and progression of the disorder influence brain development and functioning, and how cognition and functioning are associated with these changes. In addition, the volume covers contemporary evidence-based assessment and interventions, including cognitive remediation and other cognitive oriented interventions. Throughout, the research findings are synthesized to make them clinically relevant to clinical neuropsychologists working in outpatient or inpatient psychiatric settings.The book is an invaluable resource for practicing professional neuropsychologists, clinical psychologists, psychiatrists, and neuropsychiatrists, as well as graduate students of these disciplines, interns, and postdoctoral residents and fellows who work with schizophrenic patients"--$cProvided by publisher. 410 0$aAmerican Academy of Clinical Neuropsychology/Psychology Press Continuing Education Series 606 $aNeuropsychology 606 $aSchizophrenia 615 0$aNeuropsychology. 615 0$aSchizophrenia. 676 $a616.89/8 676 $a616.898 686 $aPSY000000$aPSY022050$2bisacsh 701 $aKurtz$b Matthew M.$f1967-$01248968 701 $aMarcopulos$b Bernice A$01495264 801 0$bMiAaPQ 801 1$bMiAaPQ 801 2$bMiAaPQ 906 $aBOOK 912 $a9910785854503321 996 $aClinical neuropsychological foundations of schizophrenia$93719301 997 $aUNINA